Science Quiz

Random Science or Clickable Quiz

Pathology of the biliary and urinary systems Quiz Stats

 Plays Quiz not verified by Sporcle

Challenge
Share
Tweet
Embed
Score 0/44 Timer 15:00
0 Plays Today
% Correct
Whipple's procedure
82.9%
50%
82.9%
Exophytic
80.5%
Acute cholecystitis
78%
Calcium bilirubinate
73.2%
Hydrocoele
73.2%
Cholesterol
70.7%
Hypospadius
68.3%
Varicocoele
68.3%
Fournier's gangrene
68.3%
Exocrine
65.9%
Prostate Specific Antigen
65.9%
von-Hippel Lindau syndrome
63.4%
Toxic
61%
Paraphymosis
61%
Adult polycystic kidney disease
58.5%
Toxic
58.5%
Phymosis
58.5%
Abdominal hernia
58.5%
Choriocarcinoma
58.5%
Rokitansky-Aschoff sinuses
56.1%
Horseshoe kidney
56.1%
% Correct
Secondary Peyronie's disease
56.1%
Clear cell carcinoma
53.7%
Leydig cell tumour
53.7%
Cholesterol stone
51.2%
Pigment stone
51.2%
Cholesterolosis of the gall bladder
51.2%
Ischaemic
51.2%
One
51.2%
Risk of anti-sperm antibody production
51.2%
Embryomal carcinoma
51.2%
Acute pancreatitis
48.8%
Chronic cholecystitis
46.3%
Surgery
46.3%
Nephroblastoma
46.3%
Radiotherapy
46.3%
True
43.9%
Sarcomatoid change
43.9%
Cystic renal dysplasia
36.6%
Juxtaglomerular tumour
36.6%
Oncocytoma
34.1%
Papillary renal cell carcinoma
31.7%
Risk of malignancy
29.3%

You're not logged in!

Compare scores with friends on all Sporcle quizzes.
Join for Free
OR
Log In

You Might Also Like...

Show Comments

Extras

Created Oct 15, 2012ReportNominate
Tags:Clickable Quiz, pathology, system

Top Quizzes Today


Score Distribution

Your Account Isn't Verified!

In order to create a playlist on Sporcle, you need to verify the email address you used during registration. Go to your Sporcle Settings to finish the process.

Report this User

Report this user for behavior that violates our Community Guidelines.

Details: